Stratégia sociálno-ekonomického rozvoja
Gespeichert in:
| 1. Verfasser: | |
|---|---|
| Körperschaft: | |
| Weitere Verfasser: | |
| Format: | Buch |
| Sprache: | Slowakisch |
| Veröffentlicht: |
Bratislava
Sprint
2004
|
| Schriftenreihe: | Nová ekonómia
|
| Schlagworte: | |
| Tags: |
Keine Tags, Fügen Sie das erste Tag hinzu!
|
MARC
| LEADER | 00000nam a2200000 4500 | ||
|---|---|---|---|
| 001 | 0025748 | ||
| 005 | 20240502071423.1 | ||
| 020 | |a 80-89085-30-X | ||
| 041 | 0 | |a slo | |
| 044 | |a SK | ||
| 245 | 1 | 0 | |a Stratégia sociálno-ekonomického rozvoja |c Pavol Vincúr - Elena Fifeková |
| 264 | 1 | |a Bratislava |b Sprint |c 2004 | |
| 300 | |a 196 s. | ||
| 490 | 1 | |a Nová ekonómia | |
| 830 | 0 | |a Nová ekonómia | |
| 610 | 2 | 0 | |a rozvoj sociálno-ekonomický |
| 610 | 2 | 0 | |a teórie rastu hospodárskeho |
| 610 | 2 | 0 | |a teórie ekonomické |
| 610 | 2 | 0 | |a stratégia hospodárska |
| 610 | 2 | 0 | |a hospodárstvo svetové |
| 610 | 2 | 0 | |a politika hospodárska |
| 610 | 2 | 0 | |a Slovensko |
| 100 | 1 | |a Vincúr, Pavol | |
| 700 | 1 | |a Fifeková, Elena | |
| 710 | 2 | |a Ekonomická univerzita v Bratislave. Národohospodárska fakulta | |